Datum a čas kvízu
20
Celkem bodů
Celkový počet nahraných bodů na tomto kvízu bez doplňovacích otázek.
7.
Pořadí na kvízu
Konečné umístění týmu na tomto kvízu.
Zaznamenané odpovědi
| # | Otázka | Odpověď | Body | Výsledky |
|---|---|---|---|---|
| 1. | Ministryně obrany v demisi Kar... | 1 | ||
| 2. | Aplikace, jejíž logo vidíte na... | 0 | ||
| 3. | Ve středu 17. ledna byly oznám... | 0 | ||
| 4. | Britové na sociálních sítích k... | 0 | ||
| 5. | Její start poutal hodně pozorn... | 1 | ||
| 6. | Abychom se mohli ohřát u ohně,... | 0 | ||
| 7. | Pták Ohnivák je slavný pohádko... | 1 | ||
| 8. | Ohňová země je souostroví u ji... | 0 | ||
| 5. | Ohněm a mečem je román polskéh... | 1 | ||
| 5. | Ohníček byl časopis pro děti a... | 0 |